1194 1259 1109 1185 1745 1227 1093 1729 1004 1035 1388 1946 1462 1196 1038 1815 1360 1519 1090 1161 1857 1772 1514 1301 1833 1338 1261 1161 1189 1936 1179 1460 1823 1008 1683 1749 1559 1490 1019 1592 1129 1072 1214 1113 1592 1632 1799 1311 1070 1535 1489 1293 1803 1121 1575 1675 1644 1094 1982 1263 1256 1344 1987 1677 1975 1811 1495 1513 1887 1120 1348 1164 1544 1851 1466 1099 1008 1778 1099 1051 1667 1538 1966 1459 1686 1312 1376 1026 1735 1445 1992 1924 1988 1995 1155 1160 1909 1984 1750 BCNSPRNW ULIB Ver.6.0+V

เปลี่ยนเป็นภาษาไทย

Change to English
 แสดงรายละเอียดบรรณานุกรม
  กลับหน้าหลัก

Brief Record : Get Marc (ISO 2709) : E-mail record : QR code < ปิดหน้าต่าง
LEADER : 00000nam 2200000uu 4500
001    13399127278
003     ULIB
008    200317s2562||||th 000 0 tha d
020    ^a9786168212172
060 04 ^aWY159^bช221ก
100 0  ^aชลดา จันทร์ขาว
245 10 ^aการพยาบาลทารกแรกเกิด /^cชลดา จันทร์ขาว
250    ^aพิมพ์ครั้งที่ 3
260    ^aกรุงเทพฯ :^bภาควิชาการพยาบาลเด็กและการผดุงครรภ์วิทยาลัยพยาบาลสภากาชาดไทย,^c2562
300    ^aก-ซ, 158 หน้า :^bภาพประกอบ ;^c27 ซม.
650  4 ^aการพยาบาลกุมารเวชศาสตร์
650  4 ^aทารกแรกเกิด
710 2  ^aวิทยาลัยพยาบาลสภากาชาดไทย.^bภาควิชาการพยาบาลเด็กและการผดุงครรภ์
945    ^p260^l0^i28012
945    ^p260^l0^i28013
945    ^p260^l0^i28014
945    ^p260^l0^i28015
945    ^p260^l0^i28016
995    ^aกัณชพร
999    ^aกัณชพร จุลอักษร
รายการนี้ยังไม่มีแท็ก
คุณยังไม่ได้ล็อกอิน คุณสามารถมีกิจกรรมร่วมกับเว็บไซต์ได้ แต่ต้องล็อกอินก่อน ::
  ล็อกอิน

รายการสื่อสารสนเทศ

ลำดับที่ ประเภท เลขเรียก/บาร์โค้ด สถานที่ สถานะ
1. หนังสือสำรอง
หนังสือสำรอง
WY159 ช221ก ฉ.1 
  Barcode: 28012
ห้องสมุดวิทยาเขตนครสวรรค์
►หนังสือทั่วไป:l:General Books
ถูกยืม กำหนดส่งวันที่ 22 มกราคม 2569
  จอง
2. วิทยาศาสตร์การแพทย์ และสุขภาพ
วิทยาศาสตร์การแพทย์ และสุขภาพ
WY159 ช221ก ฉ.2 
  Barcode: 28013
ห้องสมุดวิทยาเขตนครสวรรค์
►หนังสือทั่วไป:l:General Books
บนชั้น
3. วิทยาศาสตร์การแพทย์ และสุขภาพ
วิทยาศาสตร์การแพทย์ และสุขภาพ
WY159 ช221ก ฉ.3 
  Barcode: 28014
ห้องสมุดวิทยาเขตนครสวรรค์
►หนังสือทั่วไป:l:General Books
ถูกยืม กำหนดส่งวันที่ 1 มีนาคม 2569
  จอง
4. วิทยาศาสตร์การแพทย์ และสุขภาพ
วิทยาศาสตร์การแพทย์ และสุขภาพ
WY159 ช221ก ฉ.4 
  Barcode: 28015
ห้องสมุดวิทยาเขตนครสวรรค์
►หนังสือทั่วไป:l:General Books
บนชั้น
5. วิทยาศาสตร์การแพทย์ และสุขภาพ
วิทยาศาสตร์การแพทย์ และสุขภาพ
WY159 ช221ก ฉ.5 
  Barcode: 28016
ห้องสมุดวิทยาเขตนครสวรรค์
►หนังสือทั่วไป:l:General Books
บนชั้น

รายการใกล้เคียง
    ผู้แต่ง [ชลดา จันทร์ขาว]

    หัวเรื่อง [การพยาบาลกุมารเวชศาสตร์]
    หัวเรื่อง [ทารกแรกเกิด]

BibComment


ยังไม่เคยถูกคอมเมนท์

คอมเมนท์ทรัพยากรรายการนี้
  คอมเมนท์: การพยาบาลทารกแรก..


 Copyright 2026. Bcnsprnw @Library